000 01834nam0a2200361 4500
001 RU\NLR\bibl\1214448
005 20241119150445.0
020 _aRU
_b07-26783
_9Летопись авторефератов диссертаций
021 _aRU
_b2007-18900а
_9756а
035 _a(NLR Aleph) 001200846
090 _a1773979
_c1773979
100 _a20071130d2007 u u0rusy50 ca
101 0 _arus
102 _aRU
105 _ay dm |||||
135 _acrgn 008aaaba
200 1 _aКонцептосфера "человек/личность" в художественном тексте средневерхненемецкого периода
_e(на материале "Песни о Нибелунгах")
_eавтореф. дис. на соиск. учен. степ. канд. филол. наук
_eспециальность 10.02.04 <Герм. яз.>
_fРусяева Мария Михайловна
_g[Пятигор. гос. лингвист. ун-т]
210 _aПятигорск
_d2007
215 _a18 с.
_d21
320 _aБиблиогр.: с. 17-18 (12 назв.)
325 _aКопия доступна в Электрон. б-ке РНБ
675 _a811.112.2'373
_v3
_zrus
686 _a16.41
_2rugasnti
686 _a81.2Нем
_2rubbk
686 _a10.02.04
_2oksvnk
700 1 _aРусяева
_bМ. М.
_gМария Михайловна
_4070
801 0 _aRU
_bRKP
_c20071130
_gPSBO
801 1 _aRU
_bRKP
_c20071130
801 2 _aRU
_bNLR
_c20080414
_grcr
901 _eАвторефераты
942 _cBOOK
981 1 0 _a(10) Авторефераты
_b(10) 10.00.00 Филологические науки
_b10.02.00 Языкознание
_b10.02.04 Германские языки